000 nam a22 7a 4500
999 _c15329
_d15329
008 161029b xxu||||| |||| 00| 0 eng d
020 _a0816039089
020 _a9780816039074
050 _aREF QH 302.5 .F38 1999
100 _aHine, Robert
245 _aThe fact on file dictionary of biology/
_cRobert Hine.
250 _a3rd ed.
260 _aNew York :
_bFacts On File ;
_c1999.
300 _a361p. :
_bill. ;
_c23cm.
500 _aIncludes appendix.
650 _aBiology
_xdictionaries.
942 _2lcc
_cBOOKS
_hREF QH 302.5 .F38 1999